000 00663nam a22002417a 4500
003 UA-OsUOA
001 125159
007 ta
008 20170908b un ||||| |||| 00| 0 ukr d
100 _aРосси Ж.
090 _a343.81(47+51)(035)
_bР76
942 _cBK
040 _aUA-OsUOA
_brus
_cUA-OsUOA
_dUA-OsUOA
245 _aСправочник по ГУЛАГу
_bв двух частях
300 _a284 с.
955 _a1
041 _arus
080 _a343.81(47+51)(035)
260 _aМ.
_bПросвет
_c1991
246 3 1 _aЧ. 2
_n
650 7 _a343 Кримінальне право. Карні порушення
_2UDC
999 _c412381
_d412381